Các dạng bài toán trắc nghiệm Hóa học Trung học phổ thông

Sách gồm 3 phần giới thiệu các dạng bài tập trắc nghiệm hóa học có tính toán, hướng dẫn phương pháp giải nhanh, các đề kiểm tra trắc nghiệm tổng hợp.

Gespeichert in:
Bibliographische Detailangaben
1. Verfasser: Cù, Thanh Toàn
Format: Buch
Sprache:Undetermined
Veröffentlicht: Hà Nội Giáo dục 2009
Schlagworte:
Tags: Tag hinzufügen
Keine Tags, Fügen Sie den ersten Tag hinzu!
Thư viện lưu trữ: Trung tâm Học liệu Trường Đại học Cần Thơ
LEADER 00919nam a2200217Ia 4500
001 CTU_197243
008 210402s9999 xx 000 0 und d
020 |c 23500 
082 |a 547.0076 
082 |b T406/T.2 
100 |a Cù, Thanh Toàn 
245 0 |a Các dạng bài toán trắc nghiệm Hóa học Trung học phổ thông 
245 0 |c Cù Thanh Toàn 
260 |a Hà Nội 
260 |b Giáo dục 
260 |c 2009 
520 |a Sách gồm 3 phần giới thiệu các dạng bài tập trắc nghiệm hóa học có tính toán, hướng dẫn phương pháp giải nhanh, các đề kiểm tra trắc nghiệm tổng hợp. 
650 |a Chemistry, organic,Hóa học hữu cơ 
650 |x Problems, exercises, etc.,Câu hỏi và bài tập 
904 |i Hải 
980 |a Trung tâm Học liệu Trường Đại học Cần Thơ